000
00331nam a2200145Ia 4500
003
OSt
008
191201s2018 xx 000 0 und d
082
_a
004.69
_b
JAC
100
_a
JAYASWAL, Kailash
245
0
_a
Cloud Computing Black Book
260
_b
Dream tech
_c
2018
300
_a
457
650
_a
B.Tech(IT)
942
_2
ddc
_c
BK
999
_c
7040
_d
7040